Giáo trình Bệnh cây chuyên khoa : Chuyên ngành bảo vệ thực vật

Tài liệu trang bị những kiến thức cơ bản, các khái niệm, định nghĩa, các nội dung chủ yếu của khoa học bệnh cây, là môn học cơ sở cho phần bệnh cây chuyên khoa của môn học bệnh cây.

שמור ב:
מידע ביבליוגרפי
מחבר ראשי: Vũ, Triệu Mân
פורמט: ספר
שפה:Undetermined
יצא לאור: Hà Nội Nông nghiệp 2007
נושאים:
תגים: הוספת תג
אין תגיות, היה/י הראשונ/ה לתייג את הרשומה!
Thư viện lưu trữ: Trung tâm Học liệu Trường Đại học Cần Thơ
LEADER 00879nam a2200205Ia 4500
001 CTU_156524
008 210402s9999 xx 000 0 und d
082 |a 632 
082 |b M121 
100 |a Vũ, Triệu Mân 
245 0 |a Giáo trình Bệnh cây chuyên khoa : 
245 0 |b Chuyên ngành bảo vệ thực vật 
245 0 |c Vũ Triệu Mân 
260 |a Hà Nội 
260 |b Nông nghiệp 
260 |c 2007 
520 |a Tài liệu trang bị những kiến thức cơ bản, các khái niệm, định nghĩa, các nội dung chủ yếu của khoa học bệnh cây, là môn học cơ sở cho phần bệnh cây chuyên khoa của môn học bệnh cây. 
650 |a Plant diseases,Phytopathology 
904 |i Bạch Trúc 
980 |a Trung tâm Học liệu Trường Đại học Cần Thơ